| 000 | 00477nam a2200205Ia 4500 | ||
|---|---|---|---|
| 003 | 0100 | ||
| 008 | 130303s9999 xx 000 0 und d | ||
| 020 | _a1560003685 | ||
| 040 | _cARRUPELIB | ||
| 050 | _aBL85.W34 1998 | ||
| 100 | _aWalsh, George | ||
| 245 | 4 | _aThe role of religion in history | |
| 260 | _aNew Brunswick | ||
| 260 | _bTransaction Publishers | ||
| 260 | _C1998 | ||
| 300 | _aviii | ||
| 300 | _b 196 p. ill. 24 cm | ||
| 650 | _aRELIGION | ||
| 942 | 0 | 0 | _01 |
| 999 |
_c7997 _d7997 |
||